| 000 | 00702nam a2200217Ii 4500 | ||
|---|---|---|---|
| 003 | JO-AjNU | ||
| 008 | 230605s9999||||xx |||||||||||||| ||und|| | ||
| 017 | _a2004/7/1673 | ||
| 040 |
_aJO-AjNU _bara _erda _cJO-AjNU |
||
| 041 | _aara | ||
| 050 | 1 | 4 | _aPE1128.A2 2005 |
| 100 | 3 |
_aتاليف صافي، شيماء حسام , _eauthor _923462 |
|
| 245 | 0 | 0 | _aتحدث الإنجليزية بطلاقة لجميع المراحل |
| 250 | _aط1 | ||
| 264 | 3 | 1 | _aعمان:الرواد للطباعة,2004 |
| 300 | _a160ص | ||
| 336 |
_atext _btxt _2rdacontent |
||
| 337 |
_aunmediated _bn _2rdamedia |
||
| 338 |
_avolume _bnc _2rdacarrier |
||
| 650 | 4 |
_aاللغة الانجليزية-التعلم _923463 |
|
| 999 |
_aA8491 _c12059 _d12059 |
||